Rent control in England and Wales / (Record no. 32701)
[ view plain ]
| 000 -LEADER | |
|---|---|
| fixed length control field | 00672nam a2200229 a 4500 |
| 001 - CONTROL NUMBER | |
| control field | 32701 |
| 003 - CONTROL NUMBER IDENTIFIER | |
| rucl marc code | BD-RjUL |
| 005 - DATE AND TIME OF LATEST TRANSACTION | |
| control field | 20211209051900.0 |
| 008 - FIXED-LENGTH DATA ELEMENTS--GENERAL INFORMATION | |
| fixed length control field | 190327s1946 enk 00000 eng d |
| 035 ## - SYSTEM CONTROL NUMBER | |
| System control number | (BD-RjUL)32791 |
| 040 ## - CATALOGING SOURCE | |
| Original cataloging agency | BD-RjUL |
| Language of cataloging | eng |
| Transcribing agency | BD-RjUL |
| Modifying agency | BD-RjUL |
| 041 ## - LANGUAGE CODE | |
| Language code of text/sound track or separate title | eng |
| 082 ## - DEWEY DECIMAL CLASSIFICATION NUMBER | |
| Edition number | 23 |
| Classification number | 333.50942 |
| Author mark and year | ENR 1946 |
| 110 1# - MAIN ENTRY--CORPORATE NAME | |
| Corporate name or jurisdiction name as entry element | England and Wales. |
| Subordinate unit | Ministry of Health |
| 9 (RLIN) | 229765 |
| 245 10 - TITLE STATEMENT | |
| Title | Rent control in England and Wales / |
| Statement of responsibility, etc. | England and Wales. Ministry of Health |
| 260 ## - PUBLICATION, DISTRIBUTION, ETC. (IMPRINT) | |
| Place of publication, distribution, etc. | London: |
| Name of publisher, distributor, etc. | H. M. S. O. , |
| Date of publication, distribution, etc. | 1946. |
| 300 ## - PHYSICAL DESCRIPTION | |
| Pagination | 15 p. ; |
| Size | 23 cm |
| 490 ## - SERIES STATEMENT | |
| Series statement | C ; |
| Volume/sequential designation | 133 |
| 650 #0 - SUBJECT ADDED ENTRY--TOPICAL TERM | |
| Topical term or geographic name as entry element | Rent |
| Geographic subdivision | Great Britain. |
| 9 (RLIN) | 229764 |
| 830 ## - SERIES ADDED ENTRY--UNIFORM TITLE | |
| Uniform title | C ; |
| Volume number/sequential designation | 133 |
| 942 ## - ADDED ENTRY ELEMENTS (KOHA) | |
| Source of classification or shelving scheme | Dewey Decimal Classification |
| Koha item type | Rare Books |
| Lost status | Source of classification or shelving scheme | Damaged status | Not for loan | Collection code | Permanent Location | Current Location | Shelving location | Date acquired | Total Checkouts | Full call number | Date last seen | Copy number | Koha item type |
|---|---|---|---|---|---|---|---|---|---|---|---|---|---|
| Dewey Decimal Classification | Not For Loan | Rare Books | Central Library, University of Rajshahi | Central Library, University of Rajshahi | Rare Book Section | 27/03/2019 | RA 333.50942 ENR 1946 | 27/03/2019 | C-1 | Rare Books |